Gaming Quiz

Random Gaming or Nintendo Quiz

Sega Megadrive / Genesis games Quiz Stats

 Plays Quiz not verified by Sporcle

Challenge
Share
Tweet
Embed
Score 0/24 Timer 10:00
0 Plays Today
% Correct
Name the Dolphin....Ecco The Dolphin
88.3%
Adam, Axel, or Blaze? Police standing by with a bazooka strangely.Streets Of Rage
80.5%
Toejam and who?Toejam and Earl
77.8%
Worm in a suit with a gunEarthworm Jim
76.4%
Sonic's nemesisDr Robotnik
73.6%
Sega ninja who's fiance has been captured by Neo ZeedRevenge Of Shinobi
66.5%
Sega's answer to TetrisColumns
64.4%
Starring Mickey Mouse....Castle Of Illusion
63.5%
Cars that even drive around toilet bowls?!Micro Machines 2
60.1%
In the style of Conan The BarbarianGolden Axe
58%
Fierce motorcycle actionRoad Rash
56.7%
Not quite 007James Pond
55.5%
% Correct
''Rise From Your Grave''Altered Beast
51.6%
Return to the Gulf....Desert Strike
50.9%
Donald Duck armed with a plungerQuackshot
40.8%
Boy who uses mask's as weaponsKid Chameleon
39.7%
Run and gun side scroller with Force, Lightning, Chaser, and Flame weaponsGunstar Heroes
29.8%
3D racer with a specially made cartridge which made it a more expensive game to buyVirtua Racing
25.9%
Shinobi now has a loyal friendShadow Dancer
25%
Classic arcade game with choice of three classic Sega songsOut Run
23.2%
City Under Siege being a Cyborg....Eswat
22.9%
Formula One racer of which the title contains a famous race track south of FranceSuper Monaco GP
22.9%
Also on the Master System, helicopter viewed from behind and uptopThunder Blade
18.6%
Kicking and punching on roller skatesDJ Boy
6.4%

You're not logged in!

Compare scores with friends on all Sporcle quizzes.
Join for Free
OR
Log In

You Might Also Like...

Show Comments

Extras

Top Quizzes Today


Score Distribution

Your Account Isn't Verified!

In order to create a playlist on Sporcle, you need to verify the email address you used during registration. Go to your Sporcle Settings to finish the process.

Report this User

Report this user for behavior that violates our Community Guidelines.

Details: